[Event "RLPF-chC"]
[Site "Polch"]
[Date "1990.??.??"]
[Round "?"]
[White "Bouillon, Thomas"]
[Black "Unkelbach, R."]
[Result "1/2-1/2"]
[WhiteElo "1995"]
[BlackElo "1905"]

1.e4 d6 2.d4 Nf6 3.Nc3 c6 4.Be3 Qa5 5.Bd3 e5 6.dxe5 dxe5 7.f3 Bc5 8.Qd2 Qb6
9.Bxc5 Qxc5 10.Qf2 Nbd7 11.Qxc5 Nxc5 12.Bc4 Be6 13.Bxe6 Nxe6 14.O-O-O Ke7
15.Nge2 Rad8 16.Rxd8 Rxd8 17.Rd1 Rxd1+ 18.Nxd1 g6 19.Ne3 b5 20.c4 Kd6 21.cxb5 cxb5
22.b4 h6 23.Kd2 Kc6 24.Kd3 Nc7 25.Nd1 Kd6 26.Ke3 Nfe8 27.Nb2 Ne6 28.Nd3 N8c7
29.g3 f5 30.Nc3 Ng5 31.h4 Nf7 32.f4 Ke6 33.fxe5 Nxe5 34.Nf4+ Kd6 35.exf5 gxf5
36.Nfe2 a6 37.Nd4 Nc4+ 38.Kf4 Ne6+ 39.Nxe6 Kxe6 40.Ne2 Kf6 41.Nd4 Nb6 42.a3 Nd5+
43.Kf3 Nc7 44.Nc6 Ke6 45.Ke3 Kd6 46.Nb8 Ke6 47.Kd4 Kd6 48.Ke3  1/2-1/2

[Event "Bohemians"]
[Site "Prague"]
[Date "1990.??.??"]
[Round "?"]
[White "Palac, Mladen"]
[Black "Vokac, Marek"]
[Result "1/2-1/2"]
[WhiteElo "2505"]
[BlackElo "2465"]

1.e4 d6 2.d4 Nf6 3.Nc3 c6 4.f4 Qa5 5.e5 Ne4 6.Qf3 Nxc3 7.Bd2 Qd5 8.Qxc3 Qe4+
9.Kf2 dxe5 10.dxe5 e6 11.Bd3 Qd5 12.b4 a5 13.bxa5 Bc5+ 14.Be3 Bxe3+ 15.Kxe3 Qxa5
16.Qxa5 Rxa5 17.Nf3 Ke7 18.a4 Nd7 19.Nd2 Nb6 20.Nc4 Nxc4+ 21.Bxc4 Rd8 22.Bb3 c5
23.Bc4 Bd7 24.Rhb1 Bc6 25.Bb5 Bd5 26.g3 h6 27.Rb2 f5 28.exf6+ Kxf6 29.Rd1 Rda8
30.Rd3 g5 31.fxg5+ hxg5 32.c4 Bc6 33.Rf2+ Ke5 34.h4 Bxb5 35.axb5 Ra3 36.Rf7 Rxd3+
37.Kxd3 Ra3+ 38.Kc2 b6 39.hxg5 Rxg3 40.Rb7 Kd4 41.Rxb6 Kxc4 42.Rxe6 Rg2+
43.Kc1 Kxb5 44.g6 Kb4 45.Rf6 c4 46.Re6 Kb3 47.Rf6 Rg3 48.Ra6 Rg1+ 49.Kd2 c3+
50.Kd3 Rg3+ 51.Ke4 c2 52.Rb6+ Ka3 53.Rc6 Kb2 54.Kf5 Rf3+ 55.Ke5 Re3+ 56.Kf6 Rf3+
57.Ke5 Rc3 58.Rxc3 Kxc3  1/2-1/2

[Event "Bohemians (Women)"]
[Site "Prague"]
[Date "1990.??.??"]
[Round "?"]
[White "Samardzic, Jasna"]
[Black "Modrova, Hana"]
[Result "1-0"]
[WhiteElo "2150"]
[BlackElo "2085"]

1.e4 d6 2.d4 Nf6 3.Nc3 c6 4.f4 Qa5 5.e5 Ne4 6.Qf3 Nxc3 7.Bd2 Qd5 8.Qxc3 b5
9.Nf3 Bf5 10.Be2 g6 11.O-O Bg7 12.a4 O-O 13.b3 Nd7 14.Be3 Rfc8 15.Rad1 b4
16.Qxb4 Bxc2 17.Bc4 Qe4 18.Bxf7+ Kh8 19.Rde1 Qf5 20.Ng5 Rab8 21.Qc3 Nf8 22.Rc1 Bd3
23.Rfd1 Ba6 24.Bc4 Bxc4 25.Qxc4 d5 26.Qd3 Qxd3 27.Rxd3 h6 28.Nf3 e6 29.Rdc3 Rb6
30.Kf2 Kg8 31.Ne1 Nd7 32.Nd3 Bf8 33.Ke2 Nb8 34.Kd2 Be7 35.Kc2 Na6 36.Kb2 Rcb8
37.Ka2 Rc8 38.R3c2 Bb4 39.Bd2 Bxd2 40.Rxd2 Nb4+ 41.Nxb4 Rxb4 42.Ka3 Rb7 43.Rd3 Kf7
44.Rc5 Ke8 45.Rg3 Rg7 46.Rgc3 Rgc7 47.Kb4 Kd7 48.Ka5 Rf8 49.g3 g5 50.fxg5 hxg5
51.b4 Rf2 52.Rc2 Rf1 53.Rd2 Rf3 54.Rcc2 Rc8 55.Ka6 Rb8 56.Rb2 Rff8 57.b5 Rb6+
58.Ka5 Rc8 59.Rdc2 Rf8 60.bxc6+ Kc7 61.Rxb6 axb6+ 62.Ka6 Rf1 63.Rb2 Ra1 64.Kb5 Rd1
65.Rb4 Rc1 66.h4 gxh4 67.gxh4 Rh1 68.Rb2 Rxh4 69.Rg2 Rxd4 70.Rg7+ Kb8 71.Kxb6 Rb4+
72.Kc5 Rxa4 73.Kd6 Ra6 74.Rg8+ Ka7 75.Kd7 Kb6 76.Rb8+ Kc5 77.c7 Ra7 78.Kd8 Rxc7
79.Kxc7 Kd4 80.Kd6  1-0

[Event "Bohemians (Women)"]
[Site "Prague"]
[Date "1990.??.??"]
[Round "?"]
[White "Gizynska, B."]
[Black "Modrova, Hana"]
[Result "1-0"]
[WhiteElo "2230"]
[BlackElo "2085"]

1.e4 d6 2.d4 Nf6 3.Nc3 c6 4.a4 Qa5 5.Bd2 Qb6 6.Nf3 Bg4 7.a5 Qc7 8.Be2 e5
9.Be3 Nbd7 10.O-O Be7 11.Nd2 Bxe2 12.Qxe2 O-O 13.f4 Rfe8 14.h3 b5 15.axb6 axb6
16.d5 exf4 17.Bxf4 Ne5 18.dxc6 Qxc6 19.Kh1 Ng6 20.Rxa8 Qxa8 21.Qb5 Bf8 22.Bh2 Ne5
23.Nb3 Qd8 24.Nd4 Nfd7 25.Nf5 g6 26.Ne3 Nc5 27.Ned5 Ned7 28.b4 Nxe4 29.Nxe4 Rxe4
30.Qxd7 Qxd7 31.Nf6+ Kg7 32.Nxd7 Rxb4 33.Nxf8  1-0

[Event "Bohemians (Women)"]
[Site "Prague"]
[Date "1990.??.??"]
[Round "?"]
[White "Maskova, Jana"]
[Black "Modrova, Hana"]
[Result "1-0"]
[WhiteElo "2230"]
[BlackElo "2085"]

1.e4 d6 2.d4 Nf6 3.Nc3 c6 4.Bg5 Qa5 5.Qd2 Nbd7 6.f4 e5 7.Nf3 Be7 8.Be2 O-O
9.O-O Re8 10.Kh1 exd4 11.Nxd4 h6 12.Bxf6 Nxf6 13.Rae1 Bd7 14.Qd3 b5 15.e5 dxe5
16.fxe5 Nh7 17.Bh5 Rf8 18.Bxf7+ Kh8 19.e6 Be8 20.Bxe8 Raxe8 21.Nxc6 Qc7 22.Qd7 Bd6
23.Nxb5  1-0

[Event "Bohemians-B"]
[Site "Prague"]
[Date "1990.??.??"]
[Round "?"]
[White "Kranzl, Peter"]
[Black "Spacek, Petr"]
[Result "1/2-1/2"]
[WhiteElo "2315"]
[BlackElo "2410"]

1.e4 d6 2.d4 Nf6 3.Nc3 c6 4.f4 Qa5 5.e5 Ne4 6.Qf3 Nxc3 7.Bd2 Bf5 8.Bd3 g6
9.Bxc3 Qd5 10.Qxd5 cxd5 11.Bxf5 gxf5 12.Nf3 e6 13.Bb4 dxe5 14.Bxf8 e4 15.Ba3 exf3
16.gxf3 Nc6 17.c3 Rg8 18.Kf2 Kd7 19.Rhg1 Rg6 20.Rg3 Rag8  1/2-1/2

[Event "Prague Metro-B"]
[Site "Prague"]
[Date "1990.??.??"]
[Round "2"]
[White "Spesny, Jan"]
[Black "Pribyl, Josef"]
[Result "0-1"]
[WhiteElo "2340"]
[BlackElo "2440"]

1.e4 d6 2.d4 Nf6 3.Nc3 c6 4.a4 Qa5 5.Bd3 e5 6.Ne2 b5 7.O-O b4 8.Nb1 Nbd7
9.Nd2 Qc7 10.c3 a5 11.cxb4 axb4 12.b3 g6 13.Bb2 Bg7 14.Rc1 O-O 15.Nf3 Bb7
16.dxe5 dxe5 17.Ng3 Bh6 18.Rc2 Rfe8 19.Qe2 Ra5 20.Nd2 Nc5 21.Nc4 Raa8 22.Nxe5 Rxe5
23.Rxc5 Rxc5 24.Bxf6 Bg7 25.Bxg7 Kxg7 26.f4 Rc3 27.Bc4 Ba6 28.e5 Bxc4 29.bxc4 Qd7
30.Rd1 Qa7+ 31.Kh1 Qxa4 32.e6 Re3 33.Qb2+ f6 34.Rd7+ Kg8 35.Nf1 Rxe6 36.Qf2 Qa1
37.f5 Re1 38.Kg1 Rae8 39.fxg6 Rxf1+  0-1

[Event "Prague Mladi op"]
[Site "Prague"]
[Date "1990.??.??"]
[Round "2"]
[White "Kupreichik, Viktor D"]
[Black "Pribyl, Martin"]
[Result "1-0"]
[WhiteElo "2490"]
[BlackElo "2215"]

1.e4 d6 2.d4 Nf6 3.Nc3 c6 4.Bg5 Qa5 5.Qd2 Nbd7 6.f4 e5 7.Nf3 Be7 8.O-O-O b5
9.Bxf6 Bxf6 10.fxe5 dxe5 11.d5 O-O 12.dxc6 b4 13.Nd5 Qxa2 14.Qxb4 Rb8 15.Bc4 Qa1+
16.Kd2 Rxb4 17.Rxa1 Rxc4 18.cxd7 Bxd7 19.Rxa7 Bc6 20.Nxf6+ gxf6 21.Rc7 Rd8+
22.Kc1 Ra4 23.Nd2 Ra1+ 24.Nb1 Bxe4 25.Re1 Bf5 26.b3 Be6 27.Rc3 Kf8 28.g3 Ra2
29.Rce3 Bf5 30.R1e2 Ke7 31.Nc3 Ra1+ 32.Kb2 Rf1 33.Ne4 Rdd1 34.Nd2 Rh1 35.c4 Rc1
36.Ne4 Rb1+ 37.Kc3 Rhc1+ 38.Kb4 Bxe4 39.Rxe4 Rd1 40.R2e3 Rd2 41.Rh4 Rd8 42.Kc3 Rc1+
43.Kb2 Rcd1 44.Rxh7 R8d4 45.Rh8 e4 46.g4 R1d2+ 47.Ka3 R2d3 48.Rhh3 Kd6 49.Rxe4 Rxb3+
50.Kxb3 Rxe4 51.Rd3+ Ke6 52.h3 f5 53.gxf5+ Kxf5 54.c5 Re7 55.c6 Rc7 56.Rc3 Ke4
57.Kb4 f5 58.Kc5 f4 59.Kb6 Rc8 60.Kb7 Rh8 61.c7  1-0

[Event "Vysehrad"]
[Site "Prague"]
[Date "1990.??.??"]
[Round "2"]
[White "Mueller, Karsten"]
[Black "Pribyl, Josef"]
[Result "1/2-1/2"]
[WhiteElo "2425"]
[BlackElo "2430"]

1.e4 d6 2.d4 Nf6 3.Nc3 c6 4.h3 b5 5.a3 Nbd7 6.g4 Bb7 7.g5 Ng8 8.Bg2 e5 9.Nge2 h6
10.gxh6 Nxh6 11.Be3 a6 12.Qd2 Qc7 13.Ng3 Ng8 14.f4 Ngf6 15.O-O Nh5 16.Nxh5 Rxh5
17.fxe5 dxe5 18.Qf2 Nf6 19.Qg3 Rh7 20.dxe5 Nh5 21.Qf3 Bc8 22.Ne2 g6 23.Nf4 Nxf4
24.Bxf4 Be6 25.Rad1 Bc5+ 26.Kh2 Be7 27.Qg3 Rh5 28.Qf3 Kf8 29.Rd6 Bxd6 30.exd6 Qd7
31.Qg3 Kg8 32.h4 Rc5 33.c3 Bg4 34.Bg5 Re8 35.Bf6 Kh7 36.e5 Rc4 37.Rf4 Rxf4
38.Qxf4 c5 39.Be7 Be6 40.Qg5 Rh8 41.Qf6 Kg8 42.Qf3 Rh5 43.Bg5 Qe8 44.Qf6 b4
45.Qe7 Qb8 46.Qc7 Qe8 47.Qxc5 bxa3 48.bxa3 Bd7 49.Qd5 Rh8 50.c4 Kh7 51.Bf6 Rg8
52.c5 Be6 53.Qf3 Qa4 54.c6 Rb8 55.Qe4 Qd1 56.d7 Bxd7 57.cxd7 Qxd7 58.Qd5 Qxd5
59.Bxd5 Kg8 60.Bc4 Rc8 61.Bf1 Rc5 62.Bxa6 Ra5 63.Bb7 Rxa3 64.Kg2 Rb3 65.Be4 Re3
66.Bf3 Ra3 67.Kg3 Ra4 68.Kf2 Ra3 69.Ke2 Kf8 70.Be4 Ra2+ 71.Ke3 Ra3+ 72.Bd3 Ra1
73.Kf4 Rg1 74.Bg5 Kg7 75.Ke4 Re1+ 76.Kd4 Rd1 77.Kc4 Re1 78.Bf6+ Kf8 79.Kc5 Rd1
80.Be4 Rc1+ 81.Kd6 Rd1+ 82.Bd5 Rd3 83.Kc5 Rc3+ 84.Kb6 Rd3 85.Bc6 Rd1 86.Kc7 Rc1
87.Kd7 Rd1+ 88.Kc8 Rc1 89.Kc7 Rd1 90.Bd7 Ra1 91.Kd8 Ra8+ 92.Bc8 Ra7 93.Bg5 Ra5
94.Be7+ Kg7 95.Bf6+ Kf8 96.Bb7 Rb5 97.Bc6 Rb6 98.Kd7 Ra6 99.Be7+ Kg7 100.Bd6 Kg8
101.Bd5 Ra5 102.Bf3 Ra4 103.Ke8 Ra5 104.h5 gxh5 105.Bxh5 Ra8+ 106.Ke7 Kg7
107.Bg4 Ra7+ 108.Bd7 Kg6 109.Bb4 Rb7 110.Be1 Ra7 111.Bh4 Rb7 112.Kd6 Rb6+
113.Kd5 Rb4 114.Bf2 Rb2 115.Bd4 Rd2 116.Be8 Kg7 117.Bb5 Kf8 118.Bc4 Rd1 119.Ke4 Rc1
120.Bd3 Kg8 121.Be3 Ra1 122.Kf4 Ra3 123.Be4 Ra1 124.Kf5 Rf1+ 125.Bf4 Kg7
126.Bd3 Rd1 127.Be2 Re1 128.Bc4 Rh1 129.Bg5 Rh2 130.Bf6+ Kf8 131.Ke4 Rd2
132.Bd3 Rd1 133.Kd4 Ke8 134.Kc4 Rc1+ 135.Kb5 Kf8 136.Kb6 Rc3 137.Be4 Rc1
138.Bc6 Rb1+ 139.Kc7 Rc1 140.Kd7 Rd1+ 141.Kc8 Rc1 142.Kc7 Rc2 143.Bg5 Rc3
144.Kd7 Rd3+ 145.Kc8 Rc3 146.Kc7 Rc4 147.Kd6 Rd4+ 148.Kc5 Rd1 149.Bb5 Re1
150.Bf6 Rc1+ 151.Kd6 Rd1+ 152.Kc7 Ra1 153.Bd7 Ra7+ 154.Kd8 Ra8+ 155.Bc8 Ra7  1/2-1/2

[Event "Prague Mladi op"]
[Site "Prague"]
[Date "1990.??.??"]
[Round "3"]
[White "Haba, Petr"]
[Black "Berezjuk, Sergej"]
[Result "1/2-1/2"]
[WhiteElo "2435"]
[BlackElo "2300"]

1.e4 d6 2.d4 Nf6 3.Nc3 e5 4.Nf3 Nbd7 5.Bc4 Be7 6.O-O c6 7.a4 a5 8.Qe2 O-O
9.h3 exd4 10.Nxd4 Re8 11.Ba2 Bf8 12.Qf3 g6 13.Bg5 Bg7 14.Rad1 h6 15.Bf4 Qe7
16.Rfe1 Ne5 17.Qe2 Nh5 18.Bh2 Qf6 19.Qd2 g5 20.Nde2 Be6 21.Bxe6 Rxe6 22.Nd4 Ree8
23.Qe2 Qg6 24.Nf5 Bf8 25.g4 Ng7 26.Ne3 Qf6 27.Kg2 Ng6 28.Bg3 Ne6 29.Kh2 Nef4
30.Qf1 h5 31.Nf5 hxg4 32.Bxf4 Nxf4 33.hxg4 Re5 34.Kg3 d5 35.exd5 cxd5 36.Rxe5 Qxe5
37.Re1 Qc7 38.Kf3 Bb4 39.Qb5 Bxc3 40.bxc3 Ne6 41.Qxd5 Qf4+ 42.Kg2 Qxg4+ 43.Kf1 Qh3+
44.Kg1 Qg4+ 45.Kf1 Qh3+ 46.Kg1 Qg4+  1/2-1/2

[Event "Prague T10"]
[Site "Prague"]
[Date "1990.??.??"]
[Round "4"]
[White "Tobyas, Miroslav"]
[Black "Hausner, Ivan"]
[Result "0-1"]
[WhiteElo "2310"]
[BlackElo "2440"]

1.e4 d6 2.d4 Nf6 3.Nc3 c6 4.a3 Nbd7 5.f4 e5 6.Nf3 Qe7 7.Bd3 g6 8.dxe5 dxe5
9.O-O Bg7 10.Qe1 exf4 11.Bxf4 Ng4 12.Qg3 Nde5 13.h3 Nxf3+ 14.gxf3 Ne5 15.Bxe5 Qxe5
16.f4 Qc5+ 17.Kg2 O-O 18.e5 Be6 19.h4 f6 20.h5 fxe5 21.hxg6 Rxf4 22.gxh7+ Kh8
23.Rxf4 exf4 24.Qxf4 Rf8 25.Qg3 Bxc3 26.bxc3 Bd5+  0-1

[Event "Vysehrad-B"]
[Site "Prague"]
[Date "1990.??.??"]
[Round "5"]
[White "Lamoureux, Charles"]
[Black "Hausner, Ivan"]
[Result "0-1"]
[WhiteElo "2255"]
[BlackElo "2440"]

1.e4 d6 2.d4 Nf6 3.Nc3 c6 4.Nf3 Bg4 5.Be2 e6 6.Bg5 Be7 7.Qd2 h6 8.Bf4 d5
9.exd5 Bxf3 10.Bxf3 exd5 11.O-O-O Nbd7 12.h4 Nf8 13.Be5 Ne6 14.Be2 Qa5 15.Rh3 Nd7
16.f4 Nxe5 17.fxe5 g5 18.Bg4 gxh4 19.Kb1 h5 20.Bf5 O-O-O 21.Rf3 Kb8 22.Bh3 Rdf8
23.Qf2 Ng5 24.Rf5 Qd8 25.Rf1 Rhg8 26.a3 a6 27.Qe2 Rh8 28.Qe1 Ka7 29.Qxh4 Ne4
30.Qe1 Bh4 31.Qd1 Ng3 32.Rxf7 Nxf1 33.Qxf1 Rxf7 34.Qxf7 Qe7 35.Qg6 Qh7 36.Qd6 Be7
37.Qd7 Bd8 38.Qd6 Qe7 39.Qg6 Qg5 40.Qd3 Qf4 41.Na4 Rf8 42.Ka2 Qf1 43.Qh7 Rf7
44.Qg6 Rf2  0-1

[Event "Vysehrad"]
[Site "Prague"]
[Date "1990.??.??"]
[Round "5"]
[White "Pribyl, Josef"]
[Black "Pribyl, Martin"]
[Result "1/2-1/2"]
[WhiteElo "2440"]
[BlackElo "2215"]

1.e4 d6 2.d4 Nf6 3.Nc3 c6 4.a4 a5 5.h3 Nbd7 6.Nf3 e5 7.Bc4 Be7 8.O-O O-O
9.Re1 exd4 10.Nxd4 Ne5 11.Ba2 Re8 12.Bf4 Qb6 13.Re3 Ng6 14.Bh2 Bf8 15.Bb3 Bd7
16.Qd3 Rad8 17.Rd1 Bc8 18.Kh1 d5 19.exd5 Rxe3 20.fxe3 Nxd5 21.Nxd5 cxd5 22.Nb5 Re8
23.Qxd5 Be6 24.Qe4 Bxb3 25.Qxe8 Bxa4 26.Rd5 Qc6 27.Qxc6 bxc6 28.Nc3 cxd5
29.Nxa4 Nh4 30.Nb6 Bc5 31.Nxd5 Nf5 32.Bc7 a4 33.e4 Nd4 34.Bb6 Ne6 35.g4 a3
36.bxa3 Bxa3 37.Kg2 f6 38.h4 Kf7 39.Kf3 g6 40.c4 Bd6 41.Be3 h5 42.gxh5 gxh5
43.Bf2 Kg6 44.Bg3 Bc5 45.Nf4+ Nxf4 46.Kxf4 Bd4 47.Kf3 Kf7 48.Bf2 Be5 49.c5 Ke6
50.Ke3 f5 51.exf5+ Kxf5 52.Kd3 Bf6 53.Kc4 Ke6 54.Kb5 Kd7 55.Kb6 Kc8 56.Kc6 Be7
57.Bg3 Bd8 58.Kd5 Bc7 59.Be1 Kd7 60.Bd2 Bg3 61.Bg5 Kc7 62.Bf6 Be1 63.Be7 Bf2  1/2-1/2

[Event "Prague Mladi op"]
[Site "Prague"]
[Date "1990.??.??"]
[Round "6"]
[White "Zhelnin, Vladimir V"]
[Black "Hausner, Ivan"]
[Result "1/2-1/2"]
[WhiteElo "2335"]
[BlackElo "2440"]

1.e4 d6 2.d4 Nf6 3.Nc3 c6 4.Nf3 Bg4 5.Be2 e6 6.h3 Bh5 7.Be3 d5 8.e5 Nfd7
9.O-O c5 10.Nb5 a6 11.Nd6+ Bxd6 12.exd6 cxd4 13.Nxd4 Bxe2 14.Qxe2 O-O 15.c4 dxc4
16.Qxc4 Nb6 17.Qc7 Qxc7 18.dxc7 N8d7 19.Bg5 Nf6 20.Rac1 Nbd5 21.Bh4 Rac8
22.Bg3 Rfe8 23.Nb3 e5 24.Rfe1 Rxc7 25.Rxc7 Nxc7 26.Rxe5 Rxe5 27.Bxe5 Ne6
28.Kf1  1/2-1/2

[Event "Prague Metro-B"]
[Site "Prague"]
[Date "1990.??.??"]
[Round "6"]
[White "Nun, Jiri"]
[Black "Pribyl, Josef"]
[Result "1/2-1/2"]
[WhiteElo "2445"]
[BlackElo "2440"]

1.e4 d6 2.d4 Nf6 3.Nc3 c6 4.f4 Qa5 5.Bd2 Qb6 6.e5 Nd5 7.Bc4 Qxd4 8.Bxd5 cxd5
9.Nf3 Qc5 10.Qe2 Nc6 11.Nb5 Rb8 12.Be3 Qc4 13.exd6 exd6 14.Rd1 Qxe2+ 15.Kxe2 Be6
16.Nc7+ Kd7 17.Nxd5 Rc8 18.c3 Be7 19.Kf2 Rhd8 20.a3 Bf8 21.Nb4 Kc7 22.h3 Kb8
23.g4 Re8  1/2-1/2

[Event "Prague Metro-B"]
[Site "Prague"]
[Date "1990.??.??"]
[Round "6"]
[White "Spesny, Jan"]
[Black "Pribyl, Martin"]
[Result "1-0"]
[WhiteElo "2340"]
[BlackElo "2215"]

1.e4 d6 2.d4 Nf6 3.Nc3 c6 4.a4 a5 5.Nf3 Bg4 6.Be2 e6 7.h3 Bh5 8.d5 cxd5 9.exd5 e5
10.Nd2 Bg6 11.Bb5+ Nfd7 12.Nc4 Be7 13.Be3 O-O 14.O-O f5 15.f4 exf4 16.Bxf4 Nb6
17.Nxb6 Qxb6+ 18.Kh2 Na6 19.Qe2 Qd8 20.Rfe1 Rf7 21.Bxa6 bxa6 22.Ra3 Bg5 23.Qd2 Bxf4+
24.Qxf4 Rb8 25.Rb3 Rxb3 26.cxb3 Rb7 27.Qc4 Rb6 28.Re3 h6 29.Ne2 Kh7 30.Qc3 Rb4
31.Nd4 Qf6 32.Nc6 Qxc3 33.Rxc3 Re4 34.Nxa5 f4 35.Rc4 Re2 36.Rxf4 Be4 37.Rg4 Bxd5
38.Nc4 Be6 39.Rd4 d5 40.Nb6 Rxb2 41.b4 Kg8 42.a5 Kf7 43.Nxd5 Bxd5 44.Rxd5 Rxb4
45.Rd6 Ra4 46.Rxa6 Ra3 47.h4 h5 48.Ra8 Kf6 49.a6 Kg6 50.g3 Kh7 51.Kg2 g6
52.Kf2 Kg7 53.Ra7+ Kg8 54.Ke2 Kf8 55.Kd2 Ke8 56.Kc2 Kd8 57.Kb2 Ra5 58.Kb3 Kc8
59.Kb4 Ra1 60.Kb5 Ra3 61.Rg7 Kb8 62.Rxg6 Ka7 63.Kc5 Rd3 64.Kc4 Rd1 65.Rg5 Rg1
66.Kd5 Kxa6 67.Ke5 Rb1 68.Kf5 Rb8 69.Rxh5 Rb5+ 70.Kg4 Rb4+ 71.Kh3 Kb6 72.Rd5 Kc6
73.Rd1 Rb3 74.h5 Kc7 75.Kh4  1-0

[Event "Prague T7"]
[Site "Prague"]
[Date "1990.??.??"]
[Round "7"]
[White "Brigljevic, Milan"]
[Black "Vokac, Marek"]
[Result "0-1"]
[WhiteElo "2285"]
[BlackElo "2465"]

1.e4 d6 2.d4 Nf6 3.Nc3 c6 4.a4 e5 5.h3 Nbd7 6.Nf3 Be7 7.Be2 O-O 8.O-O b6
9.Re1 Bb7 10.Bg5 Re8 11.Bh4 a6 12.Bg3 Bf8 13.dxe5 dxe5 14.Bc4 b5 15.axb5 axb5
16.Rxa8 Qxa8 17.Bb3 h6 18.Nh2 Nc5 19.Ng4 Nxg4 20.Qxg4 Nxb3 21.cxb3 Bc8 22.Qf3 Qa5
23.Re3 Be6 24.Nd1 f6 25.Rd3 Rd8 26.Kh2 Rxd3 27.Qxd3 Qb4 28.f4 exf4 29.Bxf4 Bxb3
30.Nf2 Be6 31.Qg3 Qxb2 32.Bxh6 Qa3  0-1

[Event "Prague T7"]
[Site "Prague"]
[Date "1990.??.??"]
[Round "8"]
[White "Brigljevic, Milan"]
[Black "Pribyl, Josef"]
[Result "1/2-1/2"]
[WhiteElo "2285"]
[BlackElo "2440"]

1.e4 d6 2.d4 Nf6 3.Nc3 c6 4.f4 Qa5 5.Bd3 e5 6.dxe5 dxe5 7.f5 b5 8.Qe2 b4
9.Nd1 b3+ 10.Nc3 Bb4 11.Bd2 bxc2 12.a3 Ba6 13.Nf3 Bxd3 14.Qxd3 Nbd7 15.Qxc2 O-O
16.O-O Bc5+  1/2-1/2

[Event "Prague Mladi op"]
[Site "Prague"]
[Date "1990.??.??"]
[Round "8"]
[White "Odeev, Handszar"]
[Black "Pribyl, Martin"]
[Result "1-0"]
[WhiteElo "2305"]
[BlackElo "2215"]

1.e4 d6 2.d4 Nf6 3.Nc3 c6 4.a4 Qa5 5.Bd2 e5 6.d5 Qc5 7.a5 cxd5 8.b4 Qxb4
9.Ra4 Qc5 10.Nxd5 Na6 11.Rc4 Qa3 12.Qb1 Nxd5 13.exd5 Bd7 14.h4 h5 15.Rh3 Bxh3
16.Nxh3 Rd8 17.Ra4 Qc5 18.Qxb7 Rb8 19.Qxa6 Rb1+ 20.Ke2 Qxc2 21.Rc4 Qd1+ 22.Ke3 Qxf1
23.Qc8+ Ke7 24.Rc7+ Kf6 25.Qd8+ Kg6 26.Qg5+ Kh7 27.Qxh5+ Kg8 28.Qxf7+ Kh7
29.Qf5+ Kg8 30.Qe6+  1-0

[Event "Prague Mladi op"]
[Site "Prague"]
[Date "1990.??.??"]
[Round "9"]
[White "Klovans, Janis"]
[Black "Titov, German"]
[Result "1-0"]
[WhiteElo "2360"]
[BlackElo "2460"]

1.e4 d6 2.d4 Nf6 3.Nc3 e5 4.Nf3 Nbd7 5.Bc4 Be7 6.O-O O-O 7.Re1 c6 8.a4 a5
9.h3 Qc7 10.b3 h6 11.Ba3 Re8 12.Qd2 Nb8 13.Rad1 Na6 14.Nb1 Bf8 15.Bb2 exd4
16.Bxa6 Rxa6 17.Qxd4 Ra8 18.Nbd2 d5 19.exd5 Rxe1+ 20.Rxe1 Nxd5 21.Ne4 Be6
22.c4 Nb4 23.Nf6+ Kh8 24.Qh4 Bf5 25.Ne8 Qd8 26.Qxh6+ Kg8 27.Bxg7  1-0

[Event "Prague Metro-B"]
[Site "Prague"]
[Date "1990.??.??"]
[Round "10"]
[White "Tobyas, Miroslav"]
[Black "Pribyl, Josef"]
[Result "1/2-1/2"]
[WhiteElo "2310"]
[BlackElo "2440"]

1.e4 d6 2.d4 Nf6 3.Nc3 c6 4.f4 Qa5 5.Bd2 Qb6 6.e5 Nd5 7.Bc4 Qxd4 8.Bxd5 cxd5
9.Qe2 Qc4 10.Qxc4 dxc4 11.Nb5 Kd7 12.exd6 exd6 13.Nf3 a6 14.Nc3 b5 15.O-O-O Bb7
16.f5 Bxf3 17.gxf3 Kc6 18.Bf4 Nd7 19.Ne4 Ne5 20.Bxe5 dxe5 21.Ng5 Ra7 22.Rd8 g6
23.Rhd1 gxf5 24.Rc8+ Rc7 25.Ra8 h6 26.Nh3 Bg7 27.Rxa6+ Kb7 28.Rdd6 Rb8 29.Rab6+ Kc8
30.Rd8+ Kxd8 31.Rxb8+ Kd7 32.Rxb5 Ra7 33.Kb1 Kc6 34.Rb4 Rd7 35.c3 Rd1+ 36.Kc2 Rh1
37.Rxc4+ Kd5 38.Kb3 Rxh2 39.Rh4 Kc6 40.Rh5 e4 41.Kc4 exf3 42.Kd3 Kd6 43.Nf4 Rxb2
44.Rxf5 Rxa2 45.Rxf7 Be5 46.Nh3 Ra3 47.Rxf3 Rxc3+ 48.Ke4 Rc8 49.Rd3+ Ke6
50.Nf4+ Bxf4 51.Kxf4 Rg8 52.Ra3 Rg6 53.Ra6+ Kf7 54.Rxg6 Kxg6 55.Kg3  1/2-1/2

[Event "Pula op"]
[Site "Pula"]
[Date "1990.??.??"]
[Round "7"]
[White "Nikolenko, Oleg"]
[Black "Malaniuk, Vladimir P"]
[Result "1/2-1/2"]
[WhiteElo "2385"]
[BlackElo "2505"]

1.e4 d6 2.d4 Nf6 3.Nc3 c6 4.f4 Qa5 5.Bd3 e5 6.Nf3 Bg4 7.dxe5 dxe5 8.fxe5 Nfd7
9.Bf4 Ba3 10.Bd2 Bxf3 11.Qxf3 Bxb2 12.Nd1 Qxe5 13.Nxb2 Qxb2 14.O-O Ne5 15.Qg3 Nbd7
16.Rab1 Qxa2 17.Bc3 Qa3 18.Bb4 Qa2 19.Bc3 Qa3 20.Bb4 Qa2 21.Bc3  1/2-1/2

[Event "DEN-ch"]
[Site "Randers"]
[Date "1990.??.??"]
[Round "?"]
[White "Hoiberg, Nina"]
[Black "Jacobsen, Bo"]
[Result "1/2-1/2"]
[WhiteElo "2280"]
[BlackElo "2295"]

1.e4 d6 2.d4 Nf6 3.Nc3 e5 4.Nf3 Nbd7 5.Bc4 Be7 6.O-O O-O 7.h3 c6 8.a4 Qc7
9.Be3 b6 10.d5 Bb7 11.dxc6 Bxc6 12.Nd2 Qb7 13.a5 b5 14.a6 Qb8 15.Nd5 Bxd5
16.Bxd5 Nxd5 17.exd5 f5 18.f3 Bd8 19.Nb3 Bb6 20.Bf2 Qc7 21.Qd3 Rab8 22.Kh2 Bxf2
23.Rxf2 Nc5 24.Nxc5 Qxc5 25.Rd2 g6 26.Ra3 b4 27.Rb3 Rfc8 28.c3 Kf7 29.cxb4 Rxb4
30.Rc3 Rd4 31.Qe2 Qa5 32.Rxd4 Rxc3 33.bxc3 exd4 34.Qe6+ Kg7 35.Qe7+ Kg8 36.Qxa7 dxc3
37.Qb8+ Kg7 38.Qb7+ Kh6 39.a7 Qa4 40.a8=Q Qf4+ 41.Kg1 Qe3+ 42.Kh2 Qf4+ 43.Kg1  1/2-1/2

[Event "Rome op"]
[Site "Rome"]
[Date "1990.??.??"]
[Round "2"]
[White "Lanka, Zigurds"]
[Black "Gervasi, Giancarlo"]
[Result "1-0"]
[WhiteElo "2480"]
[BlackElo "2350"]

1.e4 d6 2.d4 Nf6 3.Nc3 c6 4.f4 Qa5 5.Bd3 e5 6.dxe5 dxe5 7.f5 b5 8.Qf3 Bc5
9.Bd2 Qb6 10.Nge2 Nbd7 11.g4 h6 12.Ng3 Bb7 13.h4 O-O-O 14.O-O-O Ne8 15.g5 hxg5
16.hxg5 Rg8 17.g6 f6 18.Kb1 Bf8 19.Be3 Qa5 20.Qf2 Kb8 21.Nge2 Nd6 22.Nc1 Bc8
23.Nb3 Qc7 24.a4 b4 25.Ne2 Nb6 26.a5 Na4 27.Ng3 Be7 28.Qe2 Nb7 29.Bc4 Rxd1+
30.Rxd1 Rh8 31.Nh5 Bf8 32.Be6 Nd6 33.Bxc8 Qxc8 34.Nxf6 Nb5 35.Nd7+ Kc7 36.Kc1 Nac3
37.bxc3 Nxc3 38.Qd3 Nxd1 39.Nxf8 Rh1 40.Kd2 Qxf8 41.Nc5 Qe7  1-0

[Event "Santa Clara"]
[Site "Santa Clara"]
[Date "1990.??.??"]
[Round "1"]
[White "Sariego, Wilfredo"]
[Black "Vera, Reynaldo"]
[Result "1-0"]
[WhiteElo "2405"]
[BlackElo "2475"]

1.e4 d6 2.d4 Nf6 3.Nc3 c6 4.Nf3 Bg4 5.Be2 Nbd7 6.O-O e5 7.a4 a5 8.Be3 Be7
9.Nd2 Bxe2 10.Qxe2 O-O 11.f4 Re8 12.g4 exd4 13.Bxd4 d5 14.e5 Bc5 15.Bxc5 Nxc5
16.g5 Nfd7 17.Kh1 Qb6 18.Nd1 Ne6 19.c3 Re7 20.Ne3 Nxf4 21.Rxf4 Rxe5 22.Ndf1 Rae8
23.Qh5 g6 24.Qh3 R8e7 25.Ng4 Rxg5 26.Qh4 Rxg4 27.Rxg4 Re2 28.b4 Ne5 29.Rg2 Re4
30.bxa5 Qxa5 31.Qg3 h5 32.Rb1 h4 33.Qh3 b6 34.Nd2 Rxa4 35.Qe3 Ng4 36.Qe8+ Kg7
37.Rf1 f5 38.Re2 Qxc3 39.Re7+ Kh6 40.Qf8+ Kg5 41.Nf3+ Qxf3+ 42.Rxf3 Ra1+
43.Kg2 Ra2+ 44.Kg1  1-0

[Event "Wch U18"]
[Site "Singapore"]
[Date "1990.??.??"]
[Round "?"]
[White "Markovic, Ivan"]
[Black "Reinderman, Dimitri"]
[Result "1/2-1/2"]
[WhiteElo "2395"]
[BlackElo "2225"]

1.e4 d6 2.d4 Nf6 3.Nc3 c6 4.f4 Qa5 5.Bd3 e5 6.Nf3 Bg4 7.dxe5 dxe5 8.fxe5 Nfd7
9.Bf4 Bb4 10.O-O Bxc3 11.bxc3 O-O 12.Bc4 Nc5 13.Qe1 Qa4 14.Bd3 Bh5 15.Nd4 Nbd7
16.Qg3 Bg6 17.Rae1 Ne6 18.Nxe6 fxe6 19.Qg4 Rae8 20.h4 Kh8 21.h5 Bf7 22.h6 Bg6
23.Rb1 b5 24.hxg7+ Kxg7 25.Qh4 Kg8 26.Rb4 Qa3 27.Rd4 Rf7 28.Be3 Ree7 29.Rxf7 Rxf7
30.Rd6 Qxc3 31.Rxe6 Nf8 32.Rf6 Qa1+ 33.Kf2 Qxe5 34.Rxf7 Kxf7 35.Bxa7 c5 36.Qd8 Qf4+
37.Kg1 Qc1+ 38.Kh2 Qh6+ 39.Kg1 Qc1+ 40.Kh2 Qh6+  1/2-1/2

[Event "Hungaroil"]
[Site "Siofok"]
[Date "1990.??.??"]
[Round "10"]
[White "O'Donnell, Tom"]
[Black "Petran, Pal"]
[Result "1-0"]
[WhiteElo "2415"]
[BlackElo "2410"]

1.e4 d6 2.d4 Nf6 3.Nc3 c6 4.Nf3 g6 5.h3 Bg7 6.Be3 O-O 7.Bd3 Nbd7 8.O-O Qc7
9.a4 b6 10.Qe2 Bb7 11.Nd2 e5 12.dxe5 dxe5 13.a5 Nh5 14.Bc4 Nf4 15.Qf3 b5
16.Bb3 a6 17.g3 Nh5 18.Rfd1 Qd8 19.Nf1 Qe7 20.Rd2 Nc5 21.Bxc5 Qxc5 22.Rd7 Bc8
23.Rxf7 Kh8 24.Rxf8+ Qxf8 25.Qxf8+ Bxf8 26.Kg2 Nf6 27.f3 Bb7 28.Nd1 Rd8 29.Nde3 Bc5
30.Kf2 Nh5 31.Ke2 Bc8 32.Ng4 Bd6 33.Rd1 Bxg4 34.hxg4 Nf6 35.Be6 Ne8 36.c3 Kg7
37.Ne3 Nf6 38.Ba2 Bc7 39.Rxd8 Bxd8 40.b4 Be7 41.Nc2 g5 42.Kd3 Nd7 43.c4 c5
44.Kc3 bxc4 45.Bxc4 cxb4+ 46.Nxb4 Nc5  1-0

[Event "URS-ch U20"]
[Site "Sochi"]
[Date "1990.??.??"]
[Round "?"]
[White "Sakaev, Konstantin"]
[Black "Petelin, A."]
[Result "1-0"]
[WhiteElo "2370"]
[BlackElo "2330"]

1.d4 d6 2.e4 Nf6 3.Nc3 c6 4.f4 Qa5 5.Bd3 d5 6.e5 Ne4 7.Bxe4 dxe4 8.Qd2 Bf5
9.Nge2 e6 10.Qe3 Na6 11.Bd2 Nb4 12.Rc1 Qb6 13.a3 Nd5 14.Nxd5 exd5 15.b4 O-O-O
16.O-O g6 17.Rb1 h5 18.a4 h4 19.Nc3 Be7 20.a5 Qc7 21.b5 c5 22.b6 axb6 23.axb6 Qc6
24.Nb5 Kd7 25.c4 dxc4 26.d5 Qxd5 27.Bc3 Qc6 28.e6+ Bxe6 29.Rfd1+ Ke8 30.Nc7+ Kf8
31.Rxd8+ Bxd8 32.Bxh8 Bxc7 33.bxc7 Qxc7 34.Be5 Qc6 35.Qd2 Qd5 36.Qxd5 Bxd5
37.Rd1 Bc6 38.Bd6+ Kg7 39.Bxc5 Kf6 40.Kf2 Kf5 41.Ke3 Kg4 42.Bb4 f5 43.Be7 h3
44.g3 c3 45.Rc1  1-0

[Event "URS-qualJ"]
[Site "Sochi"]
[Date "1990.??.??"]
[Round "?"]
[White "Ulibin, Mikhail"]
[Black "Kramnik, Vladimir"]
[Result "0-1"]
[WhiteElo "2460"]
[BlackElo "2450"]

1.e4 d6 2.d4 Nf6 3.Nc3 c6 4.f4 Qa5 5.Bd3 e5 6.Nf3 Bg4 7.Be3 exd4 8.Bxd4 Qb4
9.Bxf6 gxf6 10.O-O Qxb2 11.Qe1 Qb6+ 12.Kh1 Bxf3 13.Rxf3 Nd7 14.Rb1 Qc7 15.Qh4 h5
16.Bc4 Rh6 17.Rg3 Nc5 18.Be2 O-O-O 19.Bxh5 f5 20.exf5 Be7 21.f6 Rxf6 22.Re1 Kb8
23.Rge3 Ne6 24.Qg3 Rh6 25.Qg4 Bf6 26.Ne4 Bd4 27.Rh3 Qa5 28.c3 f5 29.Qd1 fxe4
30.cxd4 Nxf4 31.Rh4 Nxh5 32.g4 e3 33.Rxe3 Qg5 34.Reh3 Nf6 35.Rxh6 Nxg4  0-1